[Event "Kirov Chudinovskikh Memoriail-A 4th"]
[White "Shustov, Dmitrij"]
[Black "Schevnin, Leonid"]
[Site "Kirov"]
[Round "9"]
[Result "1-0"]
[Date "2017.08.11"]
[WhiteElo "1767"]
[BlackElo "1858"]
[PlyCount "91"]
[EventDate "2017.07.28"]
[EventType "swiss"]
[EventRounds "9"]
[EventCountry "RUS"]
[SourceTitle "EXT 2018"]
[Source "ChessBase"]
[SourceDate "2017.10.13"]
[SourceVersion "1"]
[SourceVersionDate "2017.10.13"]
[SourceQuality "1"]

1. c4 e5 2. Nc3 Nf6 3. g3 Bc5 4. Bg2 Nc6 5. a3 a5 6. Nf3 d6 7. 0-0 0-0 8. e3 Bg4 9. h3 Bf5 10. d4 exd4 11. exd4 Bb6 12. Be3 Qd7 13. d5 Ne5 14. Nxe5 dxe5 15. Bxb6 cxb6 16. g4 Bg6 17. Re1 Rfe8 18. Qb3 Qc7 19. Rad1 Rad8 20. Na4 Rd6 21. Nc3 Rd7 22. Re3 h6 23. Na4 Rd6 24. Rde1 Nd7 25. f4 f6 26. Nc3 Nc5 27. Qd1 Rdd8 28. Nb5 Qb8 29. fxe5 Rxe5 30. Rxe5 fxe5 31. Re3 e4 32. b4 Qf4 33. Qd4 axb4 34. axb4 Nd3 35. Rxd3 Rf8 36. Rd1 Qg3 37. Rf1 e3 38. Rxf8+ Kxf8 39. Nc3 Qe1+ 40. Kh2 Bc2 41. d6 Qd2 42. Qxd2 exd2 43. Bf3 Ke8 44. Bd1 Bd3 45. Ba4+ b5 46. Bxb5+ 1-0

[Event "Kirov Region-ch FL"]
[White "Schevnin, Leonid"]
[Black "Bulavin, Alexander"]
[Site "Kirov"]
[Round "2"]
[Result "0-1"]
[Date "2015.10.10"]
[WhiteElo "1857"]
[BlackElo "2247"]
[PlyCount "50"]
[EventDate "2015.10.09"]
[EventType "swiss"]
[EventRounds "9"]
[EventCountry "RUS"]
[SourceTitle "EXT 2018"]
[Source "ChessBase"]
[SourceDate "2017.10.13"]
[SourceVersion "1"]
[SourceVersionDate "2017.10.13"]
[SourceQuality "1"]

1. e4 d5 2. exd5 Qxd5 3. d4 e5 4. dxe5 Qxd1+ 5. Kxd1 Nc6 6. Bf4 Bc5 7. f3 Nge7 8. Bb5 0-0 9. Bg3 Bf5 10. c3 Rad8+ 11. Ke1 Nd5 12. Bxc6 bxc6 13. Bf2 Ne3 14. Bxe3 Bxe3 15. Na3 Bd3 16. Ne2 c5 17. c4 Rfe8 18. f4 Be4 19. Kf1 Rd2 20. b3 Red8 21. Re1 g5 22. fxg5 Re8 23. Nb1 Rb2 24. Nbc3 Rxe5 25. Nf4 Bxg2+ 0-1

[Event "Kirov Chudinovskikh Memorial-B 1st"]
[White "Schevnin, Leonid"]
[Black "Kaisin, Yrij"]
[Site "Kirov"]
[Round "4"]
[Result "1-0"]
[Date "2014.06.29"]
[WhiteElo "1911"]
[BlackElo "1840"]
[PlyCount "57"]
[EventDate "2014.06.26"]
[EventType "tourn"]
[EventRounds "7"]
[EventCountry "RUS"]
[SourceTitle "EXT 2015"]
[Source "ChessBase"]
[SourceDate "2014.11.20"]
[SourceVersion "1"]
[SourceVersionDate "2014.11.20"]
[SourceQuality "1"]

1. e4 c5 2. Nf3 Nc6 3. d4 cxd4 4. Nxd4 Nf6 5. Nc3 d6 6. Bg5 e6 7. f4 Be7 8. Nxc6 bxc6 9. Qf3 Bb7 10. 0-0-0 0-0 11. Bxf6 Bxf6 12. e5 Be7 13. exd6 Bxd6 14. Ne4 c5 15. Rxd6 Qe7 16. Rd2 f5 17. Bd3 c4 18. Bxc4 Bxe4 19. Qb3 Rab8 20. Bxe6+ Kh8 21. Qc4 Rb4 22. Qc3 Rb7 23. Bb3 h6 24. Rhd1 Rfb8 25. g3 Qe8 26. Qe5 Qg6 27. Rd8+ Rxd8 28. Rxd8+ Kh7 29. Bg8+ 1-0

[Event "Kirov Chudinovskikh Memorial-B 1st"]
[White "Smetanin, Pavel"]
[Black "Schevnin, Leonid"]
[Site "Kirov"]
[Round "1"]
[Result "1-0"]
[Date "2014.06.26"]
[WhiteElo "2083"]
[BlackElo "1911"]
[PlyCount "75"]
[EventDate "2014.06.26"]
[EventType "tourn"]
[EventRounds "7"]
[EventCountry "RUS"]
[SourceTitle "EXT 2015"]
[Source "ChessBase"]
[SourceDate "2014.11.20"]
[SourceVersion "1"]
[SourceVersionDate "2014.11.20"]
[SourceQuality "1"]

1. e4 c5 2. Nc3 g6 3. f4 Bg7 4. Nf3 Nc6 5. Bb5 Nf6 6. 0-0 0-0 7. d3 Qb6 8. Bxc6 bxc6 9. Qe1 Ba6 10. Kh1 e6 11. Rb1 d6 12. e5 Nd5 13. Ne4 Nb4 14. Nf6+ Bxf6 15. exf6 Qd8 16. Qc3 Nd5 17. Qa3 Bb7 18. f5 Qxf6 19. Bh6 Rfe8 20. c4 Nb4 21. fxe6 fxe6 22. Qb3 Qf5 23. Rbd1 Rab8 24. a3 Na6 25. Qc3 e5 26. Ng5 Qg4 27. Ne4 Re6 28. Qd2 Kh8 29. Rf7 d5 30. Rdf1 Rg8 31. Nf6 Rxf6 32. R1xf6 Bc8 33. Rf8 Be6 34. h3 Qd4 35. Rxe6 Rxf8 36. Bxf8 dxc4 37. Bh6 Kg8 38. Rf6 1-0

[Event "Kirov Arakelian Memorial-B 3rd"]
[White "Schevnin, Leonid"]
[Black "Savinykh, Sergey"]
[Site "Kirov"]
[Round "5"]
[Result "0-1"]
[Date "2013.05.11"]
[WhiteElo "1969"]
[BlackElo "2219"]
[PlyCount "50"]
[EventDate "2013.05.07"]
[EventType "tourn"]
[EventRounds "7"]
[EventCountry "RUS"]
[SourceTitle "EXT 2015"]
[Source "ChessBase"]
[SourceDate "2014.11.20"]
[SourceVersion "1"]
[SourceVersionDate "2014.11.20"]
[SourceQuality "1"]

1. e4 c5 2. Nf3 d6 3. d4 cxd4 4. Nxd4 Nf6 5. Nc3 a6 6. Bg5 e6 7. f4 Nbd7 8. Qf3 Qc7 9. g4 b5 10. Bxf6 Nxf6 11. g5 Nd7 12. a3 Rb8 13. h4 b4 14. axb4 Rxb4 15. Nb3 Qb6 16. Na4 Qc6 17. Nc3 Be7 18. Bd3 Nc5 19. Nxc5 Qxc5 20. Na4 Qa5 21. 0-0 Rxa4 22. Rad1 Bb7 23. c3 0-0 24. b4 Qb6+ 25. Kh1 d5 0-1

[Event "Kirov-ch"]
[White "Savinykh, Sergey"]
[Black "Schevnin, Leonid"]
[Site "Kirov"]
[Round "9"]
[Result "1-0"]
[Date "2013.04.19"]
[WhiteElo "2179"]
[BlackElo "1987"]
[PlyCount "43"]
[EventDate "2013.04.02"]
[EventType "swiss"]
[EventRounds "9"]
[EventCountry "RUS"]
[SourceTitle "EXT 2015"]
[Source "ChessBase"]
[SourceDate "2014.11.20"]
[SourceVersion "1"]
[SourceVersionDate "2014.11.20"]
[SourceQuality "1"]

1. e4 c5 2. Nf3 Nc6 3. d4 cxd4 4. Nxd4 g6 5. Nc3 Bg7 6. Be3 Qb6 7. Nd5 Qa5+ 8. Bd2 Qd8 9. Nb5 Be5 10. f4 Bb8 11. Bc3 Nf6 12. Nxf6+ exf6 13. Nd6+ Kf8 14. Bc4 Bxd6 15. Qxd6+ Kg7 16. 0-0 Qe7 17. Rad1 Re8 18. e5 Qxd6 19. Rxd6 fxe5 20. fxe5 Nxe5 21. Rxf7+ Kg8 22. Bxe5 1-0

[Event "Kirov-ch"]
[White "Schevnin, Leonid"]
[Black "Dvinskikh, Leonid"]
[Site "Kirov"]
[Round "5"]
[Result "0-1"]
[Date "2013.04.10"]
[WhiteElo "1987"]
[BlackElo "2002"]
[PlyCount "46"]
[EventDate "2013.04.02"]
[EventType "swiss"]
[EventRounds "9"]
[EventCountry "RUS"]
[SourceTitle "EXT 2015"]
[Source "ChessBase"]
[SourceDate "2014.11.20"]
[SourceVersion "1"]
[SourceVersionDate "2014.11.20"]
[SourceQuality "1"]

1. e4 e5 2. Nf3 Nf6 3. Nc3 Nc6 4. d4 exd4 5. Nxd4 Bb4 6. Nxc6 bxc6 7. Qd4 Qe7 8. f3 d5 9. Bg5 c5 10. Bb5+ Kf8 11. Bxf6 cxd4 12. Bxe7+ Kxe7 13. a3 dxc3 14. axb4 cxb2 15. Rb1 Rb8 16. Bc6 Rxb4 17. Bxd5 Be6 18. Bxe6 Kxe6 19. Kd2 a5 20. Kc3 Rhb8 21. Rhd1 c6 22. Rd4 Rxd4 23. Kxd4 a4 0-1

[Event "Vladimir op-B"]
[White "Magrifin, Iljanur"]
[Black "Schevnin, Leonid"]
[Site "Vladimir"]
[Round "4"]
[Result "1-0"]
[Date "2009.08.22"]
[WhiteElo "2187"]
[BlackElo "1961"]
[PlyCount "115"]
[EventDate "2009.08.19"]
[EventType "swiss"]
[EventRounds "9"]
[EventCountry "RUS"]
[SourceTitle "EXT 2012"]
[Source "ChessBase"]
[SourceDate "2011.11.24"]
[SourceVersion "1"]
[SourceVersionDate "2011.11.24"]
[SourceQuality "1"]

1. e4 c5 2. Nf3 Nc6 3. d4 cxd4 4. Nxd4 Nf6 5. Nc3 e5 6. Ndb5 d6 7. Bg5 a6 8. Na3 b5 9. Nd5 Be7 10. Bxf6 Bxf6 11. c3 0-0 12. h4 Be6 13. Nc2 Bxd5 14. Qxd5 Ne7 15. Qd3 d5 16. Rd1 dxe4 17. Qxe4 Qa5 18. Bd3 g6 19. Nb4 Qc7 20. h5 a5 21. hxg6 fxg6 22. Nd5 Qa7 23. Bxb5 Nxd5 24. Rxd5 Rad8 25. Bc4 Kg7 26. Rh3 Rxd5 27. Bxd5 Qb6 28. Bb3 Rd8 29. Qe3 Qxe3+ 30. Rxe3 Rb8 31. Re4 Rb5 32. Kd1 g5 33. Kc2 h5 34. f3 Kg6 35. Bc4 Rb6 36. Bd3 Kg7 37. Rc4 Rb7 38. a4 Be7 39. Rc6 h4 40. Rc8 Bd6 41. Rd8 Bb8 42. Be4 Rb6 43. Rd5 Ra6 44. Bd3 Ra7 45. Bb5 Kf6 46. Kd3 Kf5 47. Ke3 g4 48. Bd7+ Kg5 49. Bxg4 Kf6 50. Bd7 Ke7 51. Bc6 Ke6 52. Rb5 Bd6 53. Bd5+ Kf6 54. Rb6 Ke7 55. Ke4 Rd7 56. Ra6 Kf6 57. Rxa5 Rg7 58. Ra6 1-0

[Event "Vladimir op-B"]
[White "Schevnin, Leonid"]
[Black "Aparin, Mihail"]
[Site "Vladimir"]
[Round "1"]
[Result "1-0"]
[Date "2009.08.19"]
[WhiteElo "1961"]
[BlackElo "1921"]
[PlyCount "149"]
[EventDate "2009.08.19"]
[EventType "swiss"]
[EventRounds "9"]
[EventCountry "RUS"]
[SourceTitle "EXT 2012"]
[Source "ChessBase"]
[SourceDate "2011.11.24"]
[SourceVersion "1"]
[SourceVersionDate "2011.11.24"]
[SourceQuality "1"]

1. e4 e6 2. d4 Nf6 3. Nc3 d5 4. e5 Nfd7 5. f4 b6 6. Nf3 Ba6 7. Be2 c5 8. 0-0 cxd4 9. Nxd4 Bxe2 10. Ncxe2 g6 11. Bd2 Qc7 12. Kh1 Nc6 13. Nb5 Qb8 14. a3 a6 15. Nbd4 Qc7 16. Nf3 h5 17. Rc1 b5 18. Qe1 Bc5 19. Qg3 Ne7 20. Ned4 h4 21. Qe1 Qa7 22. c3 Rc8 23. Be3 h3 24. g4 Nc6 25. Ng5 Ke7 26. Qd2 Na5 27. Rce1 Nc4 28. Qf2 Nxe3 29. Qxe3 Bxd4 30. cxd4 Rc4 31. Rd1 Rh4 32. Qg3 Rh8 33. f5 Rxd4 34. fxe6 Rxd1 35. Rxd1 fxe6 36. Nxh3 Qc7 37. Re1 Qc2 38. Nf4 d4 39. h3 g5 40. Nd3 Qc6+ 41. Kh2 Qc2+ 42. Kg1 Rf8 43. h4 Nc5 44. Nxc5 Qxc5 45. b4 Qc2 46. Qg2 Qxg2+ 47. Kxg2 gxh4 48. Kh3 Rf3+ 49. Kxh4 Rxa3 50. Re4 d3 51. Rd4 Ra4 52. Kh5 a5 53. g5 Rxb4 54. Rxd3 Rb1 55. g6 Rh1+ 56. Kg5 b4 57. Rf3 Rg1+ 58. Kh6 a4 59. Rf7+ Ke8 60. Ra7 a3 61. g7 b3 62. Rxa3 Rh1+ 63. Kg6 Rg1+ 64. Kf6 b2 65. Rb3 Kd7 66. Rxb2 Rf1+ 67. Kg6 Rg1+ 68. Kf7 Rf1+ 69. Kg8 Ke7 70. Rh2 Rg1 71. Kh7 Kf7 72. Rf2+ Ke7 73. g8Q Rh1+ 74. Kg7 Rg1+ 75. Kh8 1-0

[Event "Moscow op-B"]
[White "Schevnin, Leonid"]
[Black "Artjushin, Viktor"]
[Site "Moscow"]
[Round "8"]
[Result "0-1"]
[Date "2009.02.07"]
[WhiteElo "1400"]
[BlackElo "2010"]
[PlyCount "36"]
[EventDate "2009.01.31"]
[EventType "swiss"]
[EventRounds "9"]
[EventCountry "RUS"]
[SourceTitle "EXT 2012"]
[Source "ChessBase"]
[SourceDate "2011.11.24"]
[SourceVersion "1"]
[SourceVersionDate "2011.11.24"]
[SourceQuality "1"]

1. e4 c5 2. f4 Nc6 3. Nf3 g6 4. Bc4 Bg7 5. 0-0 e6 6. f5 d5 7. fxe6 dxc4 8. exf7+ Kxf7 9. Ne5+ Ke8 10. Nf7 Bd4+ 11. Kh1 Qh4 12. g3 Qxe4+ 13. Qf3 Qxf3+ 14. Rxf3 Be6 15. Nxh8 Bd5 16. Kg2 Bxh8 17. Kf2 Bxf3 18. Kxf3 Nd4+ 0-1

[Event "Moscow op-B"]
[White "Schevnin, Leonid"]
[Black "Orlov, Evgeny"]
[Site "Moscow"]
[Round "4"]
[Result "0-1"]
[Date "2009.02.03"]
[WhiteElo "1400"]
[BlackElo "2233"]
[PlyCount "57"]
[EventDate "2009.01.31"]
[EventType "swiss"]
[EventRounds "9"]
[EventCountry "RUS"]
[SourceTitle "EXT 2012"]
[Source "ChessBase"]
[SourceDate "2011.11.24"]
[SourceVersion "1"]
[SourceVersionDate "2011.11.24"]
[SourceQuality "1"]

1. e4 e5 2. Nf3 Nf6 3. Nxe5 d6 4. Nf3 Nxe4 5. d4 d5 6. Bd3 Be7 7. Bf4 Nc6 8. Nbd2 Bf5 9. Qe2 Nxd2 10. Bxd2 Bxd3 11. Qxd3 Qd6 12. c3 Qe6+ 13. Be3 Bd6 14. 0-0 0-0 15. Rad1 Ne7 16. Rfe1 Ng6 17. Bc1 Qc8 18. g3 f6 19. Kg2 c6 20. h4 Qg4 21. Re2 Rae8 22. Rde1 Rd8 23. Rh1 h5 24. Rh3 Rde8 25. Rh1 Bf4 26. Be3 f5 27. Ng1 Bxe3 28. f3 Nxh4+ 29. Kf1 0-1

[Event "Moscow op-B"]
[White "Schevnin, Leonid"]
[Black "Goroshilov, Vladislav"]
[Site "Moscow"]
[Round "2"]
[Result "0-1"]
[Date "2009.02.01"]
[WhiteElo "1400"]
[BlackElo "2147"]
[PlyCount "74"]
[EventDate "2009.01.31"]
[EventType "swiss"]
[EventRounds "9"]
[EventCountry "RUS"]
[SourceTitle "EXT 2012"]
[Source "ChessBase"]
[SourceDate "2011.11.24"]
[SourceVersion "1"]
[SourceVersionDate "2011.11.24"]
[SourceQuality "1"]

1. e4 e5 2. Nf3 Nc6 3. Bb5 a6 4. Ba4 Nf6 5. 0-0 Be7 6. Re1 b5 7. Bb3 d6 8. c3 0-0 9. h3 Na5 10. Bc2 c5 11. d4 Qc7 12. Nbd2 cxd4 13. cxd4 Rd8 14. Nf1 exd4 15. Nxd4 d5 16. e5 Ne4 17. a3 Nc4 18. f3 Bc5 19. fxe4 dxe4 20. Rxe4 Bf5 21. Rh4 Rxd4 22. Rxd4 Bxc2 23. Qxc2 Bxd4+ 24. Kh1 Qxe5 25. Rb1 Re8 26. b3 Qf6 27. Ng3 Re1+ 28. Kh2 Bg1+ 29. Kh1 Ba7+ 30. Kh2 Bg1+ 31. Kh1 Ba7+ 32. Kh2 Qb6 33. h4 Qe6 34. bxc4 Bg1+ 35. Kh1 Bf2+ 36. Kh2 Qg4 37. Nf5 Bg3+ 0-1